00551nam a2200181Ia 4500100003200000650000800032250000600040942000700046366000700053654001100060245005700071260002700128082001800155300000800173546001700181999001700198952015400215 aIngle/Vinay K/ Proakis/J.G  aDSP a3 cBK f20 amatlab aEssentials of Digital signal processing using Matlab bCengage Learningc2012 a621.3822bING a652 aENGLISHcTTL c27781d27781 001040708CRCaCRCEbCRCEd2023-03-17eBook Service Syndicateg360.00i58 dt 11.06.2014l0o621.3822 INGp23201r2023-03-17v450.00w0000-00-00yBK